| 000 | 02312namaa2200481 i 4500 | ||
|---|---|---|---|
| 003 | EG-GICUC | ||
| 005 | 20260506140600.0 | ||
| 008 | 260506s2014 ua ao||jr|||| 000 0 ara d | ||
| 017 |
_a2014 / 11530 _bدار الكتب والوثائق القومية (مصر) |
||
| 017 |
_a2014 / 11529 _bدار الكتب والوثائق القومية (مصر) |
||
| 017 |
_a2014 / 11528 _bدار الكتب والوثائق القومية (مصر) |
||
| 017 |
_a2014 / 11527 _bدار الكتب والوثائق القومية (مصر) |
||
| 017 |
_a2014 / 11523 _bدار الكتب والوثائق القومية (مصر) |
||
| 017 |
_a2014 / 11522 _bدار الكتب والوثائق القومية (مصر) |
||
| 017 |
_a2014 / 11521 _bدار الكتب والوثائق القومية (مصر) |
||
| 017 |
_a2014 / 11520 _bدار الكتب والوثائق القومية (مصر) |
||
| 040 |
_aEG-GiCUC _bara _cEG-GiCUC _dEG-GiCUC _erda |
||
| 082 | 0 | 4 |
_221 _a217.6 _bK621 |
| 092 | 0 | 4 |
_221 _a217.6 _bK621 |
| 099 | _a217.6 K621 | ||
| 100 | 1 | _eمؤلف. | |
| 245 | 1 | 2 |
_aالكتاب الأسود : _bأول سلسلة وثائقية عن جرائم حكم الإخوان/ |
| 264 |
_a[القاهرة (مصر)] : _bالاحرار للصحافة والطباعة والنشر، _c[2014]. |
||
| 300 |
_aمجلدات 8 : _bايضاحيات، صور ؛ _c24 سم |
||
| 336 |
_2rdacontent _atext |
||
| 337 |
_2rdamedia _aUnmediated |
||
| 338 |
_2rdacarrier _avolume |
||
| 504 | _a. | ||
| 505 | _aالمجلد الاول. الاكاذيب -- المجلد الثانى. الاخونة -- المجلد الثالث. الخطايا -- المجلد الرابع. القضايا -- المجلد الخامس. الازهر -- المجلد السادس. الارهاب -- المجلد السابع. سيناء -- المجلد الثامن. رابعة | ||
| 541 |
_aد. جابر عصفور ؛ _bالقاهرة ؛ _cإهداء ؛ _d2024. |
||
| 650 | 1 | 7 |
_aالاخوان المسلمون _2qrmak |
| 651 | 1 | _2qrmak | |
| 740 |
_aالأكاذيب _n1 |
||
| 740 |
_aالأخونة _n2 |
||
| 740 |
_aالخطايا _n3 |
||
| 740 |
_aالقضاء _n4 |
||
| 740 |
_aالأزهر _n5 |
||
| 740 |
_aالإرهاب _n6 |
||
| 740 |
_aسيناء _n7 |
||
| 740 |
_aرابعة _n8 |
||
| 905 | _aAya | ||
| 942 |
_2ddc _cBK _e21 _n0 |
||
| 999 |
_c180031 _d180031 |
||